| 000 | 01966cam a2200445 a 4500 | ||
|---|---|---|---|
| 090 | _c10104 | ||
| 001 | 14580717 | ||
| 005 | 20071022123448.0 | ||
| 008 | 061003s2007 enka b 001 0 eng | ||
| 010 | _a 2006032899 | ||
| 015 |
_aGBA747283 _2bnb |
||
| 016 | 7 |
_a013772654 _2Uk |
|
| 020 | _a9780521872294 (hardback) | ||
| 020 | _a0521872294 (hardback) | ||
| 020 | _a9780521693820 (pbk.) | ||
| 020 | _a0521693829 (pbk.) | ||
| 035 | _a(OCoLC)ocm71948567 | ||
| 035 | _a(OCoLC)71948567 | ||
| 040 |
_aDLC _cDLC _dYDX _dBAKER _dBTCTA _dUKM _dYDXCP _dIXA _dDLC |
||
| 050 | 0 | 0 |
_aJS113 _b.T74 2007 |
| 082 | 0 | 0 |
_a320.8 _222 _bTRE |
| 100 | 1 | _aTreisman, Daniel. | |
| 245 | 1 | 4 |
_aThe architecture of government : _brethinking political decentralization / _cDaniel Treisman. |
| 260 |
_aCambridge ; _aNew York : _bCambridge University Press, _cc.2007. |
||
| 300 |
_axvi, 328 p. : _bill. ; _c24 cm. |
||
| 440 | 0 | _aCambridge studies in comparative politics | |
| 504 | _aIncludes bibliographical references (p. 295-320) and index. | ||
| 650 | 0 | _aDecentralization in government. | |
| 650 | 0 | _aCentral-local government relations. | |
| 650 | 0 | _aFederal government. | |
| 650 | 0 | _aComparative government. | |
| 856 | 4 | 1 |
_3Table of contents only _uhttp://www.loc.gov/catdir/toc/ecip072/2006032899.html |
| 856 | 4 | 2 |
_3Publisher description _uhttp://www.loc.gov/catdir/enhancements/fy0729/2006032899-d.html |
| 856 | 4 | 2 |
_3Contributor biographical information _uhttp://www.loc.gov/catdir/enhancements/fy0729/2006032899-b.html |
| 906 |
_a7 _bcbc _corignew _d1 _eecip _f20 _gy-gencatlg |
||
| 942 |
_2ddc _cARCH |
||
| 999 |
_c10104 _d10104 |
||